K̲h̲ushbū kā k̲h̲vāb. (Record no. 75984)

MARC details
000 -LEADER
fixed length control field 00575cam a22002291 4500
001 - CONTROL NUMBER
control field sa 67006481
003 - CONTROL NUMBER IDENTIFIER
control field DLC
005 - DATE AND TIME OF LATEST TRANSACTION
control field 20260227112407.0
008 - FIXED-LENGTH DATA ELEMENTS--GENERAL INFORMATION
fixed length control field 940727s1967 ii 000 1 urdo
010 ## - LIBRARY OF CONGRESS CONTROL NUMBER
LC control number sa 67006481
025 ## - OVERSEAS ACQUISITION NUMBER
Overseas acquisition number PL480:I-U-1793
035 ## - SYSTEM CONTROL NUMBER
System control number (OCoLC)30838325
040 ## - CATALOGING SOURCE
Original cataloging agency DLC
Transcribing agency CU
Modifying agency CU
-- DLC
042 ## - AUTHENTICATION CODE
Authentication code premarc
050 00 - LIBRARY OF CONGRESS CALL NUMBER
Classification number PK2200.H342
Item number K52
100 1# - MAIN ENTRY--PERSONAL NAME
Personal name Hamid, Abdul,
Dates associated with a name 1928-2011.
245 10 - TITLE STATEMENT
Title K̲h̲ushbū kā k̲h̲vāb.
260 ## - PUBLICATION, DISTRIBUTION, ETC.
Date of publication, distribution, etc. [1967?]
300 ## - PHYSICAL DESCRIPTION
Extent 224 p. (p. 224 advertisement)
Dimensions 16 cm.
500 ## - GENERAL NOTE
General note In Urdu.
500 ## - GENERAL NOTE
General note A novel.

No items available.

Powered by Koha